Logo biblioteca
Santa Fe 2917, Rosario, Santa Fe
Lu-Vi 8 a 19.45
+54-341-4232362
bibliotecaeudoro@gmail.com
Facebook Biblioteca Pedagógica
Sitio web

Secuencia didáctica para la enseñanza de la matemática en el plurigrado / (Registro nro. 32664)

Detalles MARC
000 -CABECERA
campo fijo de control de longitud 01329nab a2200265 4500
003 - IDENTIFICADOR DEL NÚMERO DE CONTROL
campo de control AR-RoBPED
005 - FECHA Y HORADE LA ULTIMA TRANSACCION
campo de control 20260429093914.0
008 - ELEMENTOS DE LONGITUD FIJA--INFORMACION GENERAL
campo fijo de control de longitud 260429b |||||||| |||| 00| 0 spa d
040 ## - FUENTE CATALOGADORA
Centro catalogador/agencia de origen AR-RoBPED
041 ## - IDIOMA
Código de idioma para texto/pista de sonido o título independiente spa
100 1# - ENCABEZAMIENTO PRINCIPAL--AUTOR PERSONAL
Nombre de persona Ajata Marca, Olivia
9 (RLIN) 30834
Función Profesora de Matemática
245 ## - TITULO
Título Secuencia didáctica para la enseñanza de la matemática en el plurigrado /
260 ## - PUBLICACION
Lugar Buenos Aires :
Editor Noveduc,
Fecha 2023
300 ## - DESCRIPCION FISICA
Extensión 2-7 p.
500 ## - NOTA GENERAL
Nota general Se presenta una experiencia de capacitación desarrollada en la provincia de San Luis. La misma estuvo dirigida a docentes de todos los niveles educativos de la provincia. En esta línea, se elaboró una propuesta de enseñanza para el plurigrado a partir de un relato docente de un referente rural y en Educación Matemática Realista.
650 #0 - TERMINO DE MATERIA--CONTROLADO
Término controlado PROPUESTA DIDÁCTICA
9 (RLIN) 22005
Término controlado ACTIVIDADES DE APRENDIZAJE
9 (RLIN) 783
Término controlado DOCENTES EN PRACTICA
9 (RLIN) 5390
Término controlado ENSEÑANZA DE LAS MATEMATICAS
9 (RLIN) 818
Término controlado EXPERIENCIA PEDAGOGICA
9 (RLIN) 3265
700 1# - ENCABEZAMIENTO SECUNDARIO--AUTOR PERSONAL
Nombre de persona Rodríguez, María Marta
9 (RLIN) 30836
Función Licenciada en Enseñanza de las Ciencias
773 0# - DOCUMENTO FUENTE
Host Biblionumber 20414
Host Itemnumber 40098
Place, publisher, and date of publication Buenos Aires : Noveduc, 1993-
Título Novedades Educativas
Record control number (AR-RoBPED)20414
International Standard Serial Number 03283534
942 ## - ELEMENTOS KOHA
Fuente de clasificación Universal Decimal Classification
Koha tipo de ítem Revistas
Clasificación 37(05)
Signatura librística Nov 86 N° 393 (Dic. 2023)
Número Koha k.32664
945 ## - PROCESAMIENTO DE LA INFORMACIÓN LOCAL
Catalogador y fecha mar 04/2026

No hay ítems disponibles.